[Event "4NCL/Div3/NOTT2 vs. OXF2"]
[Site "Daventry ENG"]
[Date "2010.03.28"]
[Round "8.1"]
[White "Combie, Alexander"]
[Black "Scott, David A"]
[Result "0-1"]
[WhiteElo "1975"]
[BlackElo "2058"]
[PlyCount "148"]
[EventDate "2010.03.28"]
[SourceDate "2009.10.24"]

1. d4 Nf6 2. c4 e6 3. g3 d5 4. Bg2 Be7 5. Nf3 O-O 6. O-O dxc4 7. Qc2 a6 8. Qxc4
b5 9. Qc2 Bb7 10. Bd2 Nbd7 11. Ba5 Rc8 12. Nbd2 Qe8 13. b4 Bd6 14. Rac1 e5 15.
dxe5 Nxe5 16. Nxe5 Bxg2 17. Kxg2 Qxe5 18. Nf3 Qe6 19. Qc6 Qxa2 20. Qxa6 Bxb4
21. Ra1 Qc4 22. Rfc1 Qe4 23. Bxb4 Qxb4 24. Rab1 Qe4 25. Qxb5 c6 26. Qe5 Rfe8
27. Qxe4 Rxe4 28. e3 Kf8 29. Nd4 c5 30. Rc4 Nd7 31. Rbc1 Rb8 32. Ne2 Rxc4 33.
Rxc4 Ke7 34. Rc2 Kd6 35. Nc3 Rb4 36. f3 f5 37. e4 fxe4 38. Nxe4+ Kd5 39. Kf2
Rc4 40. Ra2 Rd4 41. Ra8 Nf6 42. Nxf6+ gxf6 43. Ke3 Kc4 44. g4 Rd7 45. Rf8 Kc3
46. Rxf6 Re7+ 47. Kf2 c4 48. f4 Kc2 49. f5 c3 50. Re6 Rb7 51. f6 Kb1 52. Re7
Rb2+ 53. Re2 Rb4 54. Kg3 c2 55. Rxc2 Kxc2 56. Kh4 Rf4 57. Kg5 Rf2 58. h4 Kd3
59. h5 Ke4 60. Kh6 Rxf6+ 61. Kxh7 Kf4 62. h6 Kg5 63. Kg7 Rxh6 64. Kf7 Kxg4 65.
Ke7 Kf5 66. Kd7 Ke5 67. Kc7 Rd6 68. Kb7 Kd5 69. Kc7 Kc5 70. Kb7 Rd7+ 71. Kc8
Kc6 72. Kb8 Kb6 73. Kc8 Rd6 74. Kb8 Rd8# 0-1

[Event "4NCL/Div3/NOTT2 vs. OXF2"]
[Site "Daventry ENG"]
[Date "2010.03.28"]
[Round "8.2"]
[White "Ludbrook, Matthew"]
[Black "Burke, Steven J"]
[Result "1/2-1/2"]
[WhiteElo "2011"]
[BlackElo "1954"]
[PlyCount "46"]
[EventDate "2010.03.28"]
[SourceDate "2009.10.24"]

1. e4 Nf6 2. Nc3 d6 3. f4 Nbd7 4. Nf3 e5 5. d3 c6 6. a4 Be7 7. g3 Qc7 8. Bg2 h6
9. Qe2 g6 10. h3 Nh5 11. Qf2 Nc5 12. b4 Ne6 13. f5 Nd4 14. Nxd4 exd4 15. Ne2 d5
16. g4 Nf6 17. Qxd4 g5 18. exd5 cxd5 19. c3 Bd6 20. Bxd5 Be5 21. Bxf7+ Kxf7 22.
Qc4+ Qxc4 23. dxc4 Re8 1/2-1/2

[Event "4NCL/Div3/NOTT2 vs. OXF2"]
[Site "Daventry ENG"]
[Date "2010.03.28"]
[Round "8.3"]
[White "Taylor, Robert P"]
[Black "Jackson, Gary"]
[Result "0-1"]
[WhiteElo "1978"]
[BlackElo "2034"]
[PlyCount "84"]
[EventDate "2010.03.28"]
[SourceDate "2009.10.24"]

1. d4 d5 2. Nf3 c6 3. Bf4 Qb6 4. Qc1 Bf5 5. c3 Nf6 6. Nbd2 Nbd7 7. Ne5 Nxe5 8.
Bxe5 Nd7 9. Bf4 e6 10. e3 Be7 11. Be2 O-O 12. Nf3 h6 13. Ne5 Nxe5 14. Bxe5 f6
15. Bg3 c5 16. O-O Rac8 17. Rd1 Bd6 18. Bxd6 Qxd6 19. Bd3 Bxd3 20. Rxd3 b5 21.
dxc5 Qxc5 22. Qd1 b4 23. Qa4 a5 24. Rad1 Rc7 25. Qb3 Rc6 26. Rc1 Rfc8 27. Qd1
Qb5 28. Qd2 Rc4 29. Rd4 bxc3 30. Rxc3 Rxc3 31. bxc3 Qb1+ 32. Qd1 Qxd1+ 33. Rxd1
Rxc3 34. Kf1 Rc2 35. a4 Ra2 36. Rd4 Kf7 37. g3 Ke7 38. e4 Kd6 39. exd5 exd5 40.
h4 f5 41. Kg2 Ke5 42. Rf4 g5 0-1

[Event "4NCL/Div3/NOTT2 vs. OXF2"]
[Site "Daventry ENG"]
[Date "2010.03.28"]
[Round "8.4"]
[White "Wedge, David C"]
[Black "Morgan, Phil"]
[Result "1-0"]
[WhiteElo "1954"]
[BlackElo "1914"]
[PlyCount "53"]
[EventDate "2010.03.28"]
[SourceDate "2009.10.24"]

1. e4 c5 2. Nc3 e6 3. g3 Nc6 4. Bg2 Nf6 5. f4 d6 6. d3 Be7 7. Nf3 O-O 8. O-O a6
9. h3 Rb8 10. Be3 Qc7 11. g4 h6 12. g5 hxg5 13. Nxg5 Nh7 14. Nxh7 Kxh7 15. Qh5+
Kg8 16. Rf3 Bf6 17. Rg3 Ne7 18. e5 dxe5 19. Ne4 Nd5 20. Nxf6+ Nxf6 21. Rxg7+
Kxg7 22. Qg5+ Kh7 23. Qxf6 Rg8 24. f5 Rxg2+ 25. Kxg2 exf5 26. Qh6+ Kg8 27. Rg1
1-0

[Event "4NCL/Div3/NOTT2 vs. OXF2"]
[Site "Daventry ENG"]
[Date "2010.03.28"]
[Round "8.5"]
[White "Hill, Maurice J"]
[Black "Neatherway, A Philip"]
[Result "0-1"]
[WhiteElo "1802"]
[BlackElo "1922"]
[PlyCount "90"]
[EventDate "2010.03.28"]
[SourceDate "2009.10.24"]

1. c4 e5 2. g3 d6 3. Bg2 f5 4. Nc3 Nf6 5. d3 Be7 6. e4 c6 7. Nge2 O-O 8. O-O
Qe8 9. d4 fxe4 10. dxe5 dxe5 11. Nxe4 Nxe4 12. Bxe4 Bh3 13. Bg2 Bxg2 14. Kxg2
Na6 15. Nc3 Qf7 16. Qe2 Rae8 17. Ne4 Nc5 18. Nxc5 Bxc5 19. Be3 Bd4 20. Rab1 c5
21. b4 b6 22. bxc5 bxc5 23. Rb3 Qd7 24. Rfb1 Qc6+ 25. f3 e4 26. f4 Rf7 27. Rb8
Rfe7 28. Rxe8+ Rxe8 29. Rb3 a5 30. Rb5 a4 31. Kf2 Qe6 32. Qh5 Rd8 33. Bxd4 cxd4
34. Re5 e3+ 35. Ke1 Qf7 36. Qg5 Rb8 37. Re7 Rb1+ 38. Ke2 Qxc4+ 39. Kf3 Qc6+ 40.
Kg4 Qg6 41. Qxg6 hxg6 42. Re4 Rd1 43. Kf3 Rd2 44. a3 Rf2+ 45. Kg4 e2 0-1

[Event "4NCL/Div3/NOTT2 vs. OXF2"]
[Site "Daventry ENG"]
[Date "2010.03.28"]
[Round "8.6"]
[White "Zhang, Marco"]
[Black "Willoughby, Robert H"]
[Result "0-1"]
[WhiteElo "1938"]
[BlackElo "1754"]
[PlyCount "41"]
[EventDate "2010.03.28"]
[SourceDate "2009.10.24"]

1. e4 c5 2. d4 cxd4 3. c3 dxc3 4. Nxc3 Nc6 5. Nf3 e6 6. Bc4 Qc7 7. O-O Nf6 8.
Bg5 a6 9. Qe2 Ng4 10. Rac1 Nd4 11. g3 Nxe2+ 12. Nxe2 Qa5 13. Bd2 Bb4 14. Bc3
Bxc3 15. Rxc3 O-O 16. Bb3 Ne5 17. Ned4 Nxf3+ 18. Nxf3 Qh5 19. Rfc1 d5 20. exd5
exd5 21. Nh4 0-1

[Event "4NCL/Div3/HACK vs. AMCAR"]
[Site "Daventry ENG"]
[Date "2010.03.28"]
[Round "8.1"]
[White "Chin, Francis CW"]
[Black "McLaughlin, Noel S"]
[Result "1/2-1/2"]
[WhiteElo "2122"]
[BlackElo "2022"]
[PlyCount "40"]
[EventDate "2010.03.28"]
[SourceDate "2009.10.24"]

1. d4 g6 2. Nf3 Bg7 3. g3 c5 4. Bg2 Nf6 5. O-O cxd4 6. Nxd4 Nc6 7. c3 O-O 8. h3
e5 9. Nxc6 dxc6 10. Bg5 h6 11. Be3 Be6 12. Nd2 Qd7 13. Kh2 Rfd8 14. Nf3 Nd5 15.
Bc5 b6 16. Ba3 c5 17. c4 Ne7 18. Qxd7 Bxd7 19. Rad1 Rac8 20. b3 e4 1/2-1/2

[Event "4NCL/Div3/HACK vs. AMCAR"]
[Site "Daventry ENG"]
[Date "2010.03.28"]
[Round "8.2"]
[White "Sparkes, Daniel A"]
[Black "Ociepka, Adrian"]
[Result "1/2-1/2"]
[WhiteElo "2066"]
[BlackElo "2176"]
[PlyCount "138"]
[EventDate "2010.03.28"]
[SourceDate "2009.10.24"]

1. e4 c5 2. Nc3 Nc6 3. Bb5 Nd4 4. Bc4 g6 5. Nf3 Bg7 6. Nxd4 cxd4 7. Qf3 Nh6 8.
Ne2 O-O 9. d3 Qa5+ 10. Bd2 Qb6 11. O-O-O d5 12. exd5 Bg4 13. Qe4 Rac8 14. f3
Bd7 15. g4 Bb5 16. Bxb5 Qxb5 17. Kb1 Qc5 18. Rc1 Rfd8 19. c4 dxc3 20. Bxc3 Qxd5
21. Bxg7 Rxc1+ 22. Nxc1 Kxg7 23. Qxd5 Rxd5 24. Re1 e6 25. Kc2 Ng8 26. Ne2 Ne7
27. Nc3 Rd7 28. Re4 Nc6 29. Ne2 g5 30. Kc3 Rd5 31. d4 Ne7 32. Kd3 Rd6 33. Re5
h6 34. Rb5 Rd7 35. Ke4 Nc6 36. a3 Kg6 37. Rc5 f5+ 38. Ke3 h5 39. h3 hxg4 40.
hxg4 Kf6 41. gxf5 exf5 42. b4 a6 43. f4 g4 44. d5 Ne7 45. Nc3 Ng6 46. Rc4 Rh7
47. Ne2 Rh3+ 48. Kf2 Rf3+ 49. Kg1 Rxa3 50. d6 Rd3 51. Rc7 Rxd6 52. Rxb7 Ne7 53.
b5 Nd5 54. Kf2 axb5 55. Rxb5 Nc7 56. Ra5 Ne6 57. Ke3 Rb6 58. Ra3 Rb4 59. Ra6
Rb3+ 60. Kf2 Rf3+ 61. Kg2 Kf7 62. Rxe6 Kxe6 63. Nd4+ Kd5 64. Nxf3 gxf3+ 65.
Kxf3 Kd4 66. Kf2 Ke4 67. Ke2 Kxf4 68. Kf2 Ke4 69. Ke2 f4 1/2-1/2

[Event "4NCL/Div3/HACK vs. AMCAR"]
[Site "Daventry ENG"]
[Date "2010.03.28"]
[Round "8.3"]
[White "Walker, Nicholas P"]
[Black "Stille, Alexander M"]
[Result "1-0"]
[WhiteElo "2114"]
[BlackElo "2054"]
[PlyCount "29"]
[EventDate "2010.03.28"]
[SourceDate "2009.10.24"]

1. e4 e5 2. f4 exf4 3. Bc4 c6 4. Nc3 Bb4 5. Nf3 Nf6 6. e5 Qe7 7. O-O Qc5+ 8. d4
Qxc4 9. exf6 gxf6 10. Ne4 Qe6 11. c3 d5 12. Nf2 Be7 13. Bxf4 Qf5 14. Bh6 Be6
15. Nh4 1-0

[Event "4NCL/Div3/HACK vs. AMCAR"]
[Site "Daventry ENG"]
[Date "2010.03.28"]
[Round "8.4"]
[White "Stayt, James N"]
[Black "Vives, Pepe"]
[Result "1/2-1/2"]
[WhiteElo "1996"]
[BlackElo "1938"]
[PlyCount "49"]
[EventDate "2010.03.28"]
[SourceDate "2009.10.24"]

1. e4 e6 2. d4 d5 3. Nc3 Nf6 4. e5 Nfd7 5. f4 c5 6. Nf3 Nc6 7. Be3 a6 8. Qd2 b5
9. dxc5 Bxc5 10. Bxc5 Nxc5 11. Bd3 b4 12. Ne2 Qb6 13. Ng3 Nxd3+ 14. cxd3 Nd4
15. Nxd4 Qxd4 16. Ne2 Qb6 17. d4 a5 18. O-O Ba6 19. Rfd1 Bxe2 20. Qxe2 Rc8 21.
Qd2 O-O 22. Rac1 b3 23. axb3 Qxb3 24. Re1 Rxc1 25. Rxc1 1/2-1/2

[Event "4NCL/Div3/HACK vs. AMCAR"]
[Site "Daventry ENG"]
[Date "2010.03.28"]
[Round "8.5"]
[White "Burgoyne, Peter A"]
[Black "Tunstall, George S"]
[Result "1/2-1/2"]
[WhiteElo "1882"]
[BlackElo "1947"]
[PlyCount "99"]
[EventDate "2010.03.28"]
[SourceDate "2009.10.24"]

1. e4 c5 2. c3 Nf6 3. e5 Nd5 4. d4 cxd4 5. cxd4 Nc6 6. Nf3 d6 7. Nc3 Nxc3 8.
bxc3 dxe5 9. d5 e4 10. Ng5 Ne5 11. Qa4+ Bd7 12. Qxe4 Qc7 13. Bd2 h6 14. Nf3
Nxf3+ 15. Qxf3 a6 16. Rb1 Qe5+ 17. Be2 Bb5 18. Rxb5 axb5 19. O-O O-O-O 20. c4
b4 21. Bf4 Qf6 22. Qg3 e6 23. dxe6 fxe6 24. Bg4 Bc5 25. Re1 Rhe8 26. Be5 Qf7
27. Bf3 Rd2 28. Rf1 Rxa2 29. Bd6 Bxd6 30. Qxd6 Qe7 31. Qb6 Ra6 32. Qb5 Rd8 33.
c5 e5 34. c6 e4 35. cxb7+ Qxb7 36. Rc1+ Kb8 37. Qe5+ Rad6 38. Bg4 Qb6 39. Qxe4
b3 40. Bf3 Qa7 41. Qb4+ Qb6 42. Qe4 Rd5 43. Rb1 b2 44. Qf4+ R5d6 45. h3 Rc8 46.
Rxb2 Qxb2 47. Qxd6+ Rc7 48. Qd5 Rc1+ 49. Kh2 Kc7 50. Qf7+ 1/2-1/2

[Event "4NCL/Div3/HACK vs. AMCAR"]
[Site "Daventry ENG"]
[Date "2010.03.28"]
[Round "8.6"]
[White "Zhu, Yao Yao"]
[Black "Ociepka, Dominika"]
[Result "1-0"]
[WhiteElo "1954"]
[BlackElo "1554"]
[PlyCount "31"]
[EventDate "2010.03.28"]
[SourceDate "2009.10.24"]

1. e4 e5 2. Nf3 Nc6 3. Bb5 a6 4. Ba4 Nf6 5. O-O Be7 6. Re1 b5 7. Bb3 O-O 8. d4
Nxd4 9. Bxf7+ Kxf7 10. Nxe5+ Ke6 11. Qxd4 c5 12. Qc3 Bb7 13. Qh3+ Kd6 14. Bf4
Qe8 15. Nxd7+ Kc6 16. Qe6+ 1-0

[Event "4NCL/Div3/BAB vs. E2E43"]
[Site "Daventry ENG"]
[Date "2010.03.28"]
[Round "8.1"]
[White "Davies, Matthew"]
[Black "Hewitt, Sean D"]
[Result "1-0"]
[WhiteElo "1956"]
[BlackElo "1951"]
[PlyCount "88"]
[EventDate "2010.03.28"]
[SourceDate "2009.10.24"]

1. d4 Nf6 2. c4 g6 3. Nc3 Bg7 4. e4 d6 5. Nf3 O-O 6. Be2 e5 7. O-O Nc6 8. d5
Ne7 9. Nd2 a5 10. a3 Nd7 11. Rb1 f5 12. b4 Nf6 13. Qb3 b6 14. Rd1 f4 15. c5 Kh8
16. Nc4 a4 17. Qc2 Rb8 18. Nd2 bxc5 19. bxc5 Rxb1 20. Qxb1 dxc5 21. Nxa4 c6 22.
dxc6 Nxc6 23. Nxc5 Nd4 24. Bd3 Ng4 25. h3 Qh4 26. hxg4 f3 27. Nxf3 Nxf3+ 28.
gxf3 Rxf3 29. Be3 Qxg4+ 30. Kf1 Qh3+ 31. Ke1 Rxe3+ 32. fxe3 Qxe3+ 33. Be2 Qg1+
34. Bf1 Qe3+ 35. Be2 Bf6 36. Rd5 Qg1+ 37. Bf1 Qe3+ 38. Kd1 Bg4+ 39. Kc2 Qxa3
40. Bd3 Kg7 41. Qb2 Bd1+ 42. Kb1 Qa8 43. Rd7+ Kh8 44. Qb6 Bg4 1-0

[Event "4NCL/Div3/BAB vs. E2E43"]
[Site "Daventry ENG"]
[Date "2010.03.28"]
[Round "8.2"]
[White "Livesey, R Nigel"]
[Black "Corcoran, Gary"]
[Result "1-0"]
[WhiteElo "1893"]
[BlackElo "1866"]
[PlyCount "93"]
[EventDate "2010.03.28"]
[SourceDate "2009.10.24"]

1. c4 e5 2. g3 g6 3. Bg2 Bg7 4. Nc3 Nc6 5. e4 Nge7 6. Nge2 O-O 7. O-O d6 8. d3
f5 9. f4 Rb8 10. Be3 Nd4 11. Qd2 c6 12. Rab1 Be6 13. b4 fxe4 14. Nxe4 Nef5 15.
Nxd4 exd4 16. Bf2 h6 17. Rfe1 Bf7 18. a4 b6 19. Qc2 d5 20. Nd2 dxc4 21. Nxc4
Bd5 22. Ne5 Bxg2 23. Kxg2 Qd5+ 24. Kg1 Rf6 25. Qc4 Qxc4 26. Nxc4 b5 27. axb5
cxb5 28. Ne5 Re8 29. Re4 Rfe6 30. Rbe1 R8e7 31. Nxg6 Rxg6 32. Rxe7 Nxe7 33.
Rxe7 a5 34. bxa5 Ra6 35. Be1 Bf8 36. Rb7 b4 37. Bxb4 Bxb4 38. Rxb4 Rxa5 39.
Rxd4 Ra2 40. Re4 Rd2 41. d4 Kf7 42. h3 Kf6 43. g4 Kg6 44. Re6+ Kg7 45. Re4 Kg6
46. h4 Kf6 47. f5 1-0

[Event "4NCL/Div3/BAB vs. E2E43"]
[Site "Daventry ENG"]
[Date "2010.03.28"]
[Round "8.3"]
[White "Bridges, Paul L"]
[Black "Booley, Graham M"]
[Result "1/2-1/2"]
[WhiteElo "1883"]
[BlackElo "1906"]
[PlyCount "30"]
[EventDate "2010.03.28"]
[SourceDate "2009.10.24"]

1. e4 e5 2. Nf3 Nc6 3. Bc4 Nf6 4. d3 Bc5 5. O-O h6 6. Nc3 d6 7. Na4 Bb6 8. Nxb6
axb6 9. a3 O-O 10. Be3 Be6 11. Nd2 d5 12. exd5 Bxd5 13. f4 Bxc4 14. Nxc4 Nd5
15. Qd2 Nxe3 1/2-1/2

[Event "4NCL/Div3/BAB vs. E2E43"]
[Site "Daventry ENG"]
[Date "2010.03.28"]
[Round "8.4"]
[White "Farthing, Andrew P"]
[Black "Foster, William E"]
[Result "1/2-1/2"]
[WhiteElo "1818"]
[BlackElo "1800"]
[PlyCount "85"]
[EventDate "2010.03.28"]
[SourceDate "2009.10.24"]

1. Nc3 c5 2. e4 Nc6 3. f4 d6 4. Nf3 g6 5. Bb5 a6 6. Bxc6+ bxc6 7. d3 Bg7 8. O-O
Rb8 9. Qe1 e6 10. e5 Ne7 11. g4 f5 12. g5 Nd5 13. a3 Nb6 14. Bd2 c4 15. d4 d5
16. Rb1 O-O 17. h4 Bd7 18. Kg2 Be8 19. Rh1 Bf7 20. Rh3 Re8 21. Qg1 Re7 22. Nh2
Reb7 23. Nf1 Nd7 24. Na4 Bf8 25. Qe3 Nb6 26. Ba5 Qc8 27. Bxb6 Rxb6 28. Nxb6
Rxb6 29. Qc1 c5 30. c3 Be8 31. Nd2 Ba4 32. h5 Be8 33. hxg6 Bxg6 34. b4 cxd4 35.
cxd4 Rb7 36. Qc3 Qb8 37. Rhh1 Be7 38. Rb2 Bd8 39. Rhb1 Be8 40. Kg3 Be7 41. Nf3
Bf8 42. Ng1 Rg7 43. Nf3 1/2-1/2

[Event "4NCL/Div3/BAB vs. E2E43"]
[Site "Daventry ENG"]
[Date "2010.03.28"]
[Round "8.5"]
[White "Jones, Jeremy J"]
[Black "Homer, Neil S"]
[Result "1/2-1/2"]
[WhiteElo "1620"]
[BlackElo "1675"]
[PlyCount "84"]
[EventDate "2010.03.28"]
[SourceDate "2009.10.24"]

1. d4 d5 2. c4 e6 3. Nc3 c5 4. cxd5 exd5 5. e3 Nc6 6. dxc5 Nf6 7. Nf3 Bxc5 8.
Be2 O-O 9. O-O Be6 10. Nd4 Rc8 11. Nb3 Be7 12. Nb5 a6 13. N5d4 Ne5 14. Nxe6
fxe6 15. Nd4 Qb6 16. b3 Ne4 17. Bb2 Nc3 18. Bxc3 Rxc3 19. Qd2 Rfc8 20. f4 Nd7
21. Bf3 Nf8 22. Rac1 Bb4 23. Rxc3 Qa5 24. Ne2 Bxc3 25. Nxc3 Qxc3 26. Rd1 Qxd2
27. Rxd2 Kf7 28. e4 dxe4 29. Bxe4 Rc7 30. Rc2 Rxc2 31. Bxc2 a5 32. Bd3 Kf6 33.
Kf2 h6 34. Ke3 g5 35. g3 gxf4+ 36. gxf4 b6 37. Kd4 Nd7 38. Kc4 Ke7 39. Kb5 Kd6
40. Bf1 Kc7 41. Bh3 Nf8 42. Bg4 Ng6 1/2-1/2

[Event "4NCL/Div3/BAB vs. E2E43"]
[Site "Daventry ENG"]
[Date "2010.03.28"]
[Round "8.6"]
[White "Harrison, Peter K"]
[Black "Smith, Steve"]
[Result "0-1"]
[WhiteElo "1651"]
[BlackElo "1542"]
[PlyCount "78"]
[EventDate "2010.03.28"]
[SourceDate "2009.10.24"]

1. d4 d5 2. Nf3 Nf6 3. c4 c6 4. Nc3 dxc4 5. a4 Bf5 6. e3 e6 7. Bxc4 Bb4 8. Bd2
O-O 9. O-O Nbd7 10. Re1 Bg6 11. h3 c5 12. Rc1 cxd4 13. exd4 Nb6 14. Bb3 Rc8 15.
Bg5 Be7 16. Ne5 Nbd5 17. Nxg6 hxg6 18. Nxd5 Nxd5 19. Bxe7 Nxe7 20. Qd3 Qb6 21.
Bc4 Rfd8 22. Red1 Rc6 23. Bb5 Rcd6 24. a5 Qxa5 25. Rc5 Qb6 26. Qc4 Rd5 27. b4
Qd6 28. Rxd5 Qxd5 29. Qc7 Nf5 30. Bc4 Qd7 31. Qxd7 Rxd7 32. g4 Rxd4 33. Rxd4
Nxd4 34. Kg2 g5 35. f3 e5 36. Kf2 Kf8 37. Ke3 Ke7 38. Ke4 f6 39. b5 Kd6 0-1

[Event "4NCL/Div3/OXF3 vs. KJCAN"]
[Site "Daventry ENG"]
[Date "2010.03.28"]
[Round "8.1"]
[White "Vikanis, Georgs"]
[Black "Clanchy, Nicholas"]
[Result "0-1"]
[WhiteElo "1930"]
[BlackElo "1858"]
[PlyCount "34"]
[EventDate "2010.03.28"]
[SourceDate "2009.10.24"]

1. Nf3 g6 2. d4 Bg7 3. e4 d6 4. Bc4 Nf6 5. e5 dxe5 6. Nxe5 e6 7. O-O O-O 8. Bg5
b6 9. Qf3 c6 10. Ng4 Nbd7 11. Nc3 h5 12. Ne5 Qc7 13. Bf4 g5 14. Bxg5 Nxe5 15.
Qg3 Nfg4 16. h3 Nf3+ 17. Qxf3 Qh2# 0-1

[Event "4NCL/Div3/OXF3 vs. KJCAN"]
[Site "Daventry ENG"]
[Date "2010.03.28"]
[Round "8.2"]
[White "Murphy, Conor"]
[Black "Parsons, Matthew"]
[Result "1-0"]
[WhiteElo "1794"]
[BlackElo "1818"]
[PlyCount "105"]
[EventDate "2010.03.28"]
[SourceDate "2009.10.24"]

1. e4 c6 2. d4 d5 3. Nc3 dxe4 4. Nxe4 Bf5 5. Ng3 Bg6 6. Nf3 Nd7 7. h4 h6 8. h5
Bh7 9. Bd3 Bxd3 10. Qxd3 e6 11. Bd2 Ngf6 12. O-O-O Be7 13. Ne4 Qc7 14. Nxf6+
Bxf6 15. Qe4 O-O-O 16. Bf4 Qa5 17. Kb1 Qd5 18. Qxd5 cxd5 19. Rhe1 b5 20. Be5
Kb7 21. b3 Rc8 22. Rd3 Rc6 23. c3 Rhc8 24. Kb2 a5 25. Re2 a4 26. Rc2 Nb6 27.
Ne1 Bxe5 28. dxe5 Nd7 29. Rg3 Nxe5 30. f4 Nd7 31. Rxg7 Rf8 32. Nd3 Nf6 33. g4
Rc7 34. Ne5 axb3 35. axb3 Kb6 36. Rc1 Ra7 37. Ra1 Rxa1 38. Kxa1 b4 39. cxb4 Kb5
40. Nd3 d4 41. Kb2 Nd5 42. g5 hxg5 43. fxg5 Nxb4 44. Nxb4 Kxb4 45. Kc2 e5 46.
h6 f5 47. h7 Rc8+ 48. Kd1 Rc3 49. h8=Q Rd3+ 50. Kc2 Rc3+ 51. Kd2 Ka3 52. Ra7+
Kb2 53. Qxe5 1-0

[Event "4NCL/Div3/OXF3 vs. KJCAN"]
[Site "Daventry ENG"]
[Date "2010.03.28"]
[Round "8.3"]
[White "Terry, Sean"]
[Black "Kalid, Raphael"]
[Result "1-0"]
[WhiteElo "1867"]
[BlackElo "1786"]
[PlyCount "81"]
[EventDate "2010.03.28"]
[SourceDate "2009.10.24"]

1. d4 f5 2. Bg5 g6 3. h4 Bg7 4. c3 Nf6 5. Nd2 Ne4 6. Bf4 h6 7. f3 Nf6 8. e4 d6
9. Bd3 e5 10. Be3 f4 11. Bf2 Nh5 12. Ne2 Be6 13. Bc4 Bxc4 14. Nxc4 b5 15. Na3
c6 16. Qb3 Qe7 17. Nxb5 Na6 18. Qa4 Nc7 19. Nxc7+ Qxc7 20. Qc4 Ke7 21. dxe5
Bxe5 22. Nd4 Bxd4 23. Bxd4 Rhe8 24. O-O-O Rab8 25. e5 d5 26. Qc5+ Ke6 27. c4
Rec8 28. Bc3 Kf5 29. e6 Kxe6 30. cxd5+ cxd5 31. Rhe1+ Kf7 32. Qxd5+ Kf8 33. Qd4
Qh7 34. Qd6+ Kg8 35. Re7 Ng7 36. Qd7 Kh8 37. Rd3 Qg8 38. Kb1 Rxc3 39. Rxc3 Nf5
40. Rf7 Nxh4 41. Qd4+ 1-0

[Event "4NCL/Div3/OXF3 vs. KJCAN"]
[Site "Daventry ENG"]
[Date "2010.03.28"]
[Round "8.4"]
[White "Reddiar, Gautham"]
[Black "Wedge-Roberts, Matthew"]
[Result "1/2-1/2"]
[WhiteElo "1746"]
[BlackElo "1722"]
[PlyCount "76"]
[EventDate "2010.03.28"]
[SourceDate "2009.10.24"]

1. e4 e5 2. Nf3 Nc6 3. Bc4 Bc5 4. c3 Nf6 5. d3 d6 6. O-O Be6 7. Bb5 a6 8. Ba4
b5 9. Bc2 Bg4 10. Nbd2 Qd7 11. Re1 O-O 12. Nf1 h6 13. Be3 Rad8 14. h3 Bh5 15.
Ng3 Bg6 16. Bb3 Rfe8 17. Nh4 Kh7 18. Nxg6 fxg6 19. d4 exd4 20. cxd4 Bb4 21. Bd2
Bxd2 22. Qxd2 Re7 23. Re3 Rde8 24. Rae1 Nb8 25. Qd1 c5 26. dxc5 dxc5 27. Qxd7
Nbxd7 28. Bc2 c4 29. b3 cxb3 30. Bxb3 Nc5 31. f3 Nxb3 32. Rxb3 Nd7 33. Rd3 Nb8
34. Red1 Re6 35. Kf2 Kg8 36. Rc3 Kh7 37. Rc7 R6e7 38. Rc5 Re6 1/2-1/2

[Event "4NCL/Div3/OXF3 vs. KJCAN"]
[Site "Daventry ENG"]
[Date "2010.03.28"]
[Round "8.5"]
[White "Langham, Rod E"]
[Black "Davis, Alexei"]
[Result "0-1"]
[WhiteElo "1786"]
[BlackElo "1730"]
[PlyCount "84"]
[EventDate "2010.03.28"]
[SourceDate "2009.10.24"]

1. d4 e6 2. Nf3 d5 3. e3 c5 4. c3 Nc6 5. Bd3 Bd7 6. Nbd2 Bd6 7. O-O Nf6 8. Qe2
c4 9. Bc2 b5 10. e4 Bc7 11. exd5 Nxd5 12. Ne4 O-O 13. Bg5 Qb8 14. Nc5 Qc8 15.
Qe4 f5 16. Qh4 Bd8 17. Bxd8 Qxd8 18. Qxd8 Raxd8 19. g3 h6 20. a3 f4 21. Rae1
fxg3 22. fxg3 Rf6 23. Nh4 Rxf1+ 24. Rxf1 Ne3 25. Rf2 Ne7 26. Be4 N7d5 27. Bxd5
exd5 28. Ng6 Bh3 29. Nf4 Bf5 30. Re2 Ng4 31. Re7 g5 32. Nfe6 Rd6 33. Re8+ Kf7
34. Rf8+ Kg6 35. Nc7 Nf6 36. Rb8 Rb6 37. Rd8 Be4 38. h3 Rc6 39. N7a6 Nh5 40. g4
Nf4 41. Nb8 Rf6 42. Nbd7 Ne2+ 0-1

[Event "4NCL/Div3/OXF3 vs. KJCAN"]
[Site "Daventry ENG"]
[Date "2010.03.28"]
[Round "8.6"]
[White "Paul, Barnaby J"]
[Black "Vikanis, Egils"]
[Result "1-0"]
[WhiteElo "1610"]
[BlackElo "1762"]
[PlyCount "81"]
[EventDate "2010.03.28"]
[SourceDate "2009.10.24"]

1. c4 e5 2. Nc3 f5 3. g3 Nf6 4. Bg2 Bc5 5. e3 Nc6 6. Nge2 O-O 7. d4 exd4 8.
exd4 Bb4 9. O-O Bxc3 10. Nxc3 Ne7 11. Be3 c6 12. d5 cxd5 13. Nxd5 Nexd5 14.
cxd5 d6 15. Re1 b6 16. Bf4 Re8 17. Qd3 Bb7 18. Rxe8+ Qxe8 19. Qxf5 Qe7 20. Qe6+
Qxe6 21. dxe6 Bxg2 22. Kxg2 Rd8 23. Re1 d5 24. Bg5 Re8 25. Bxf6 gxf6 26. g4 Kf8
27. f4 Ke7 28. f5 Rd8 29. Kf3 Rc8 30. Re2 Rc4 31. Rd2 d4 32. h3 a5 33. Ke4 b5
34. Rxd4 Rc2 35. Rd7+ Ke8 36. Rxh7 Rxb2 37. g5 fxg5 38. f6 Re2+ 39. Kf5 Kd8 40.
Rh8+ Kc7 41. f7 1-0

[Event "4NCL/Div3/SCS vs. AMCAH"]
[Site "Daventry ENG"]
[Date "2010.03.28"]
[Round "8.1"]
[White "Lutton, E Josiah"]
[Black "Mitchell, Stephen R"]
[Result "0-1"]
[WhiteElo "2086"]
[BlackElo "2017"]
[PlyCount "88"]
[EventDate "2010.03.28"]
[SourceDate "2009.10.24"]

1. e4 b6 2. Nc3 Bb7 3. f4 e6 4. d3 c5 5. Nf3 Nc6 6. Be2 a6 7. O-O Qc7 8. Qe1
O-O-O 9. f5 Bd6 10. Qh4 h5 11. Ng5 Nh6 12. Qh3 Ne5 13. fxe6 dxe6 14. Nd5 Bxd5
15. exd5 Nhg4 16. dxe6 f6 17. Ne4 Ng6 18. g3 N6e5 19. Bf4 Kb8 20. c3 g5 21. Bc1
Be7 22. Rd1 Qc6 23. Qg2 Ka7 24. d4 cxd4 25. cxd4 Nc4 26. Bxc4 Qxc4 27. Bxg5
fxg5 28. Rac1 Qd5 29. Rc7+ Kb8 30. Rdc1 Qxd4+ 31. Kh1 Qxe4 32. Qxe4 Nf2+ 33.
Kg1 Nxe4 34. Rxe7 Rc8 35. Rd1 Rc7 36. Rdd7 Rxd7 37. exd7 Nd6 38. Rg7 g4 39.
d8=Q+ Rxd8 40. Rh7 Ne4 41. Rxh5 Rd1+ 42. Kg2 Rd2+ 43. Kg1 Rxb2 44. Re5 Nd2 0-1

[Event "4NCL/Div3/SCS vs. AMCAH"]
[Site "Daventry ENG"]
[Date "2010.03.28"]
[Round "8.2"]
[White "Jeffries, Majid"]
[Black "Bogoda, Sagara T"]
[Result "1-0"]
[WhiteElo "1995"]
[BlackElo "1874"]
[PlyCount "155"]
[EventDate "2010.03.28"]
[SourceDate "2009.10.24"]

1. Nf3 d5 2. b3 Nf6 3. Bb2 c5 4. e3 Nc6 5. Bb5 Bd7 6. O-O e6 7. Bxc6 Bxc6 8.
Ne5 Bd6 9. f4 Qc7 10. d3 Nd7 11. Nxc6 Qxc6 12. Bxg7 Rg8 13. Bb2 e5 14. Qf3
O-O-O 15. Nd2 f6 16. e4 exf4 17. exd5 Qb6 18. Nc4 Qc7 19. Qh3 Kb8 20. Rae1 b5
21. Nxd6 Qxd6 22. Qe6 Nb6 23. c4 Ka8 24. Bxf6 f3 25. Rxf3 Rge8 26. Qxe8 Rxe8
27. Rxe8+ Kb7 28. Re6 Qf8 29. Re7+ Ka6 30. Rxh7 Qd6 31. Rf1 Nd7 32. Rh6 Kb7 33.
Rh7 Ka6 34. cxb5+ Kxb5 35. Bc3 Qxd5 36. a4+ Kc6 37. Rh6+ Kc7 38. Ba5+ Kb7 39.
Rf3 Qxb3 40. Rh4 Qd1+ 41. Rf1 Qxd3 42. Rhf4 c4 43. R4f3 Qd4+ 44. Kh1 Ne5 45.
Bc3 Qd6 46. Rf6 Qc7 47. R1f5 Nd7 48. Rb5+ Nb6 49. a5 Qd7 50. Rbf5 Qd1+ 51. Rf1
Qb3 52. Rf7+ Kc6 53. axb6 Qxc3 54. bxa7 Qa3 55. Rf8 Qxa7 56. Rc8+ Kd5 57. Rd1+
Ke6 58. Rxc4 Qb7 59. Rf4 Qh7 60. Re1+ Kd5 61. h4 Kd6 62. Kh2 Kd5 63. Ref1 Ke5
64. Kh3 Qd3+ 65. R4f3 Qd7+ 66. g4 Ke4 67. h5 Qd2 68. Rf4+ Ke5 69. Rf5+ Ke6 70.
R1f2 Qe3+ 71. Kh4 Qe1 72. Kg5 Qe3+ 73. Kg6 Ke7 74. Rf7+ Ke8 75. Rf8+ Ke7 76.
R2f7+ Kd6 77. g5 Qe4+ 78. Kg7 1-0